LEADER 01427nam0 2200337 i 450 001 TO00314426 005 20231121125836.0 010 $a8824310753 020 $aIT$b94-9961 100 $a19960620d1994 ||||0itac50 ba 101 | $aita 102 $ait 181 1$6z01$ai $bxxxe 182 1$6z01$an 200 1 $aDiritto dell'arbitrato$enozioni generali$eaggiornato alla Legge 25-1994: nuove disposizioni in materia di arbitrato e disciplina dell'arbitrato internazionale$fGiuseppe Mirabelli, Daniela Giacobbe 210 $aNapoli$cJovene$d1994 215 $aX, 233 p.$d24 cm 300 $aSegue: Appendice legislativa. 606 $aDiritto Dell'arbitrato$2FIR$3RMLC380152$9I 606 $aArbitrato$xDiritto privato$2FIR$3RMLC002885$9I 700 1$aMirabelli$b, Giuseppe$f <1915-2005>$3SBNV101130$4070$01357901 701 1$aGiacobbe$b, Daniela$3RAVV080212$4070$0114353 801 3$aIT$bIT-01$c19960620 850 $aIT-RM028 $aIT-FR0098 899 $aBiblioteca Universitaria Alessandrina$bRM028 899 $aBiblioteca Area Giuridico Economica$bFR0098 912 $aTO00314426 950 0$aBiblioteca Area Giuridico Economica$d 53DSG 01/0126$e 53VM 0000197975 VM barcode:GIU000056. - Inventario:211VM$fA $h20010423$i20121204 977 $a 01$a 53 996 $aDiritto dell'arbitrato$93637795 997 $aUNICAS